[Event "Memorial Sergievskogo"]
[Site "Cheboksary"]
[Date "2016.04.12"]
[Round "7.7"]
[White "Alekseev, Evgeny"]
[Black "Demidov, Mikhail"]
[Result "1/2-1/2"]
[LiveChessVersion "1.4.4"]
[BlackElo "2568"]
[WhiteElo "2671"]

1. e4 {[%clk 0:15:18]} e6 {[%clk 0:15:19]} 2. d4 {[%clk 0:15:25]} d5
{[%clk 0:15:27]} 3. Nc3 {[%clk 0:15:31]} Nc6 {[%clk 0:15:35]} 4. e5
{[%clk 0:15:19]} f6 {[%clk 0:15:35]} 5. Bb5 {[%clk 0:14:40]} Bb4 {[%clk 0:13:06]}
6. Nh3 {[%clk 0:12:37]} Bd7 {[%clk 0:12:13]} 7. O-O {[%clk 0:11:53]} Qe7
{[%clk 0:10:06]} 8. Bxc6 {[%clk 0:07:25]} Bxc6 {[%clk 0:10:14]} 9. Nf4
{[%clk 0:07:32]} f5 {[%clk 0:08:08]} 10. Qh5+ {[%clk 0:07:11]} Qf7
{[%clk 0:08:17]} 11. Qd1 {[%clk 0:06:12]} Ne7 {[%clk 0:07:42]} 12. Bd2
{[%clk 0:05:50]} Ba5 {[%clk 0:07:17]} 13. a4 {[%clk 0:05:09]} Bb6
{[%clk 0:06:10]} 14. Nce2 {[%clk 0:05:05]} a5 {[%clk 0:06:05]} 15. Nd3
{[%clk 0:05:06]} Ng6 {[%clk 0:05:41]} 16. c3 {[%clk 0:05:00]} O-O
{[%clk 0:05:27]} 17. Nef4 {[%clk 0:03:36]} Nxf4 {[%clk 0:05:27]} 18. Nxf4
{[%clk 0:03:45]} Bd7 {[%clk 0:05:24]} 19. Be3 {[%clk 0:03:50]} Ba7
{[%clk 0:05:21]} 20. h4 {[%clk 0:03:48]} b6 {[%clk 0:05:22]} 21. g3
{[%clk 0:03:31]} c5 {[%clk 0:05:16]} 22. Kg2 {[%clk 0:03:38]} Rfc8
{[%clk 0:04:58]} 23. h5 {[%clk 0:03:27]} Rab8 {[%clk 0:03:12]} 24. Re1
{[%clk 0:03:00]} c4 {[%clk 0:03:03]} 25. Rh1 {[%clk 0:02:38]} b5 {[%clk 0:02:53]}
26. axb5 {[%clk 0:02:46]} Rxb5 {[%clk 0:03:02]} 27. Bc1 {[%clk 0:02:41]} Bb6
{[%clk 0:03:10]} 28. Nh3 {[%clk 0:02:31]} Bd8 {[%clk 0:03:13]} 29. Ra2
{[%clk 0:02:32]} Rb3 {[%clk 0:03:12]} 30. Bg5 {[%clk 0:02:24]} Bxg5
{[%clk 0:01:49]} 31. Nxg5 {[%clk 0:02:34]} Qe7 {[%clk 0:01:58]} 32. Nh3
{[%clk 0:02:19]} a4 {[%clk 0:02:07]} 33. Re1 {[%clk 0:01:56]} Rcb8
{[%clk 0:01:58]} 34. Qd2 {[%clk 0:01:47]} h6 {[%clk 0:01:34]} 35. Nf4
{[%clk 0:01:49]} Be8 {[%clk 0:01:43]} 36. Qc2 {[%clk 0:01:36]} R8b6
{[%clk 0:01:48]} 37. Re2 {[%clk 0:01:38]} Qg5 {[%clk 0:01:41]} 38. Rd2
{[%clk 0:01:25]} Bxh5 {[%clk 0:01:11]} 39. Rxa4 {[%clk 0:01:20]} Bf7
{[%clk 0:01:16]} 40. Ra8+ {[%clk 0:01:21]} Kh7 {[%clk 0:01:01]} 41. Ra7
{[%clk 0:00:57]} Kg8 {[%clk 0:01:09]} 42. Ra8+ {[%clk 0:01:05]} Rb8
{[%clk 0:01:09]} 43. Qxb3 {[%clk 0:00:54]} Rxa8 44. Qb7 {[%clk 0:00:44]} Qd8
{[%clk 0:01:23]} 45. b4 {[%clk 0:00:29]} cxb3 {[%clk 0:01:26]} 46. Qxb3
{[%clk 0:00:38]} Rb8 {[%clk 0:00:47]} 47. Qa3 {[%clk 0:00:25]} Ra8
{[%clk 0:00:55]} 48. Qb2 {[%clk 0:00:31]} Rb8 {[%clk 0:01:04]} 49. Qc1
{[%clk 0:00:33]} Qa5 {[%clk 0:00:52]} 50. Nd3 {[%clk 0:00:41]} Rb3
{[%clk 0:01:00]} 51. Rc2 {[%clk 0:00:39]} Ra3 {[%clk 0:01:05]} 52. Qd2
{[%clk 0:00:35]} Bg6 {[%clk 0:00:47]} 53. Nf4 {[%clk 0:00:41]} Bf7
{[%clk 0:00:57]} 54. Nd3 {[%clk 0:00:48]} Bg6 {[%clk 0:01:02]} 55. Nf4
{[%clk 0:00:53]} Bf7 {[%clk 0:00:53]} 56. Nd3 {[%clk 0:00:58]} Ra1
{[%clk 0:00:46]} 57. Rc1 {[%clk 0:00:50]} Ra2 {[%clk 0:00:49]} 58. Rc2
{[%clk 0:00:59]} Ra1 {[%clk 0:00:55]} 59. Rc1 {[%clk 0:01:05]} Ra2
{[%clk 0:01:04]} 1/2-1/2

[Event "Memorial Sergievskogo"]
[Site "Cheboksary"]
[Date "2016.04.12"]
[Round "7.8"]
[White "Potapov, Pavel"]
[Black "Dreev, Aleksey"]
[Result "0-1"]
[LiveChessVersion "1.4.4"]
[BlackElo "2668"]
[WhiteElo "2501"]

1. e4 {[%clk 0:15:18]} c6 {[%clk 0:15:19]} 2. d4 {[%clk 0:15:24]} d5
{[%clk 0:15:28]} 3. e5 {[%clk 0:15:28]} Bf5 {[%clk 0:15:36]} 4. h4
{[%clk 0:14:59]} h6 {[%clk 0:15:42]} 5. g4 {[%clk 0:14:58]} Be4 {[%clk 0:15:35]}
6. f3 {[%clk 0:14:48]} Bh7 {[%clk 0:15:43]} 7. e6 {[%clk 0:14:08]} Nf6
{[%clk 0:15:51]} 8. Bd3 {[%clk 0:13:31]} Bxd3 {[%clk 0:15:38]} 9. Qxd3
{[%clk 0:13:16]} Qd6 {[%clk 0:15:34]} 10. exf7+ {[%clk 0:13:18]} Kxf7
{[%clk 0:15:43]} 11. Ne2 {[%clk 0:13:14]} e5 {[%clk 0:15:31]} 12. dxe5
{[%clk 0:13:06]} Qxe5 {[%clk 0:15:39]} 13. Nbc3 {[%clk 0:12:58]} Nbd7
{[%clk 0:13:23]} 14. Bf4 {[%clk 0:12:34]} Qe6 {[%clk 0:12:41]} 15. O-O-O
{[%clk 0:12:24]} Bc5 {[%clk 0:12:02]} 16. h5 {[%clk 0:10:01]} Rhe8
{[%clk 0:09:54]} 17. Qg6+ {[%clk 0:09:39]} Kg8 {[%clk 0:09:38]} 18. g5
{[%clk 0:06:39]} Nf8 {[%clk 0:09:20]} 19. Qd3 {[%clk 0:06:33]} hxg5
{[%clk 0:09:27]} 20. Bxg5 {[%clk 0:06:33]} Be3+ {[%clk 0:09:33]} 21. Bxe3
{[%clk 0:06:32]} Qxe3+ {[%clk 0:09:41]} 22. Qxe3 {[%clk 0:06:10]} Rxe3
{[%clk 0:09:49]} 23. Nd4 {[%clk 0:06:18]} Kh7 {[%clk 0:07:49]} 24. Rdg1
{[%clk 0:05:54]} Re5 {[%clk 0:07:42]} 25. h6 {[%clk 0:02:53]} gxh6
{[%clk 0:07:13]} 26. f4 {[%clk 0:03:00]} Rh5 {[%clk 0:07:17]} 27. Nce2
{[%clk 0:02:25]} Ng6 {[%clk 0:04:12]} 28. f5 {[%clk 0:01:52]} Ne5
{[%clk 0:04:13]} 29. Ne6 {[%clk 0:01:45]} Rg8 {[%clk 0:03:47]} 30. N2f4
{[%clk 0:01:46]} Rxh1 {[%clk 0:03:43]} 31. Rxh1 {[%clk 0:01:55]} Neg4
{[%clk 0:01:43]} 32. Ng6 {[%clk 0:01:43]} h5 {[%clk 0:01:43]} 33. Ng5+
{[%clk 0:01:16]} Kh6 {[%clk 0:01:46]} 34. Nf7+ {[%clk 0:01:24]} Kg7
{[%clk 0:01:55]} 35. Nd6 {[%clk 0:01:11]} Ne4 {[%clk 0:01:18]} 36. Nxb7
{[%clk 0:00:57]} Ng3 {[%clk 0:01:25]} 37. Rh3 {[%clk 0:00:56]} Nxf5
{[%clk 0:01:32]} 38. Nf4 {[%clk 0:01:03]} h4 {[%clk 0:01:38]} 39. Nc5
{[%clk 0:01:08]} Kf6 {[%clk 0:01:38]} 40. Kd2 {[%clk 0:01:10]} Ne5
{[%clk 0:01:28]} 41. b3 {[%clk 0:01:06]} Rg4 {[%clk 0:01:27]} 42. Ne2
{[%clk 0:00:57]} Rg2 {[%clk 0:01:05]} 43. Ke1 {[%clk 0:00:53]} Ng3
{[%clk 0:01:01]} 44. Nf4 {[%clk 0:00:34]} Rxc2 {[%clk 0:01:06]} 45. Ncd3
{[%clk 0:00:39]} Nxd3+ {[%clk 0:00:57]} 46. Nxd3 {[%clk 0:00:48]} Kg5
{[%clk 0:01:01]} 0-1

[Event "Memorial Sergievskogo"]
[Site "Cheboksary"]
[Date "2016.04.12"]
[Round "7.9"]
[White "Kalyaeva, Eleonora"]
[Black "Kobalia, Mikhail"]
[Result "0-1"]
[LiveChessVersion "1.4.4"]
[BlackElo "2609"]
[WhiteElo "1887"]

1. e4 {[%clk 0:15:19]} g6 {[%clk 0:15:17]} 2. Nf3 {[%clk 0:15:26]} d6
{[%clk 0:15:19]} 3. d4 {[%clk 0:15:31]} Nf6 {[%clk 0:15:26]} 4. Nc3
{[%clk 0:15:06]} Bg7 {[%clk 0:15:32]} 5. Bc4 {[%clk 0:14:43]} O-O
{[%clk 0:15:30]} 6. O-O {[%clk 0:13:46]} Nc6 {[%clk 0:14:04]} 7. a3
{[%clk 0:09:27]} Bg4 {[%clk 0:13:53]} 8. h3 {[%clk 0:09:20]} Bxf3
{[%clk 0:13:55]} 9. gxf3 {[%clk 0:09:28]} Qc8 {[%clk 0:10:59]} 10. Kg2
{[%clk 0:09:02]} Nh5 {[%clk 0:10:52]} 11. Ne2 {[%clk 0:08:17]} e5
{[%clk 0:09:36]} 12. c3 {[%clk 0:07:58]} Kh8 {[%clk 0:09:33]} 13. Ng3
{[%clk 0:04:36]} Nxg3 {[%clk 0:09:09]} 14. fxg3 {[%clk 0:04:34]} exd4
{[%clk 0:09:17]} 15. cxd4 {[%clk 0:04:25]} Nxd4 {[%clk 0:09:22]} 16. Be3
{[%clk 0:03:35]} Nc6 {[%clk 0:08:29]} 17. Qc2 {[%clk 0:03:08]} f5
{[%clk 0:08:11]} 18. Rac1 {[%clk 0:02:37]} fxe4 {[%clk 0:07:46]} 19. fxe4
{[%clk 0:02:24]} Ne5 {[%clk 0:07:35]} 20. Bd5 {[%clk 0:01:50]} c6
{[%clk 0:07:42]} 21. Ba2 {[%clk 0:01:46]} Qd7 {[%clk 0:07:38]} 22. Bf4
{[%clk 0:01:46]} Qe7 {[%clk 0:07:43]} 23. Qd2 {[%clk 0:01:47]} Rae8
{[%clk 0:06:30]} 24. b4 {[%clk 0:01:33]} b5 {[%clk 0:06:10]} 25. Rfe1
{[%clk 0:01:20]} c5 {[%clk 0:05:42]} 26. Bd5 {[%clk 0:01:09]} c4 {[%clk 0:05:50]}
27. Bxe5 {[%clk 0:01:08]} Qxe5 {[%clk 0:05:46]} 28. Bc6 {[%clk 0:01:11]} Rc8
{[%clk 0:05:39]} 29. Bd5 {[%clk 0:01:13]} Qb2 {[%clk 0:05:26]} 30. Qxb2
{[%clk 0:01:09]} Bxb2 {[%clk 0:05:34]} 31. Rc2 {[%clk 0:00:55]} Bxa3
{[%clk 0:04:25]} 32. Rb1 {[%clk 0:01:04]} c3 {[%clk 0:04:31]} 33. Bb7
{[%clk 0:00:24]} Rc7 {[%clk 0:04:30]} 34. Ba6 {[%clk 0:00:31]} Rb8
{[%clk 0:04:30]} 35. Rb3 {[%clk 0:00:35]} Bb2 {[%clk 0:04:34]} 36. Rbxb2
{[%clk 0:00:14]} cxb2 {[%clk 0:04:41]} 37. Rxb2 {[%clk 0:00:22]} Rb6
{[%clk 0:04:45]} 38. Ra2 {[%clk 0:00:15]} Rcc6 {[%clk 0:04:52]} 0-1

[Event "Memorial Sergievskogo"]
[Site "Cheboksary"]
[Date "2016.04.12"]
[Round "7.10"]
[White "Lintchevski, Daniil"]
[Black "Kalinin, Michail Borisovich"]
[Result "1-0"]
[LiveChessVersion "1.4.4"]
[BlackElo "2383"]
[WhiteElo "2590"]

1. e4 {[%clk 0:15:19]} e6 {[%clk 0:15:19]} 2. d4 {[%clk 0:15:20]} d5
{[%clk 0:15:24]} 3. Nc3 {[%clk 0:15:25]} Nf6 {[%clk 0:15:33]} 4. Bg5
{[%clk 0:15:33]} Be7 {[%clk 0:15:42]} 5. e5 {[%clk 0:15:40]} Nfd7
{[%clk 0:15:51]} 6. Bxe7 {[%clk 0:15:48]} Qxe7 {[%clk 0:16:00]} 7. Qd2
{[%clk 0:15:50]} a6 {[%clk 0:16:08]} 8. Nd1 {[%clk 0:15:58]} c5 {[%clk 0:16:14]}
9. c3 {[%clk 0:16:07]} Nc6 {[%clk 0:16:23]} 10. f4 {[%clk 0:16:16]} b5
{[%clk 0:16:32]} 11. Nf3 {[%clk 0:16:25]} g6 {[%clk 0:16:41]} 12. Be2
{[%clk 0:15:52]} Nb6 {[%clk 0:16:19]} 13. b3 {[%clk 0:16:00]} c4 {[%clk 0:14:29]}
14. O-O {[%clk 0:15:58]} Bb7 {[%clk 0:14:31]} 15. Ne3 {[%clk 0:15:56]} h5
{[%clk 0:13:59]} 16. Rab1 {[%clk 0:14:24]} Na5 {[%clk 0:13:06]} 17. Ng5
{[%clk 0:13:45]} Rc8 {[%clk 0:10:59]} 18. b4 {[%clk 0:13:45]} Nc6
{[%clk 0:11:03]} 19. Bd1 {[%clk 0:13:53]} Kd7 {[%clk 0:10:55]} 20. a4
{[%clk 0:13:31]} Kc7 {[%clk 0:10:52]} 21. Ra1 {[%clk 0:13:19]} Ra8
{[%clk 0:10:26]} 22. Bc2 {[%clk 0:13:05]} Nd8 {[%clk 0:09:57]} 23. g3
{[%clk 0:11:51]} Bc6 {[%clk 0:09:58]} 24. a5 {[%clk 0:12:00]} Nd7
{[%clk 0:10:07]} 25. h3 {[%clk 0:11:59]} Bb7 {[%clk 0:08:56]} 26. Ng2
{[%clk 0:09:34]} Nc6 {[%clk 0:08:54]} 27. Nh4 {[%clk 0:09:40]} Rag8
{[%clk 0:08:58]} 28. Rf2 {[%clk 0:09:47]} Nf8 {[%clk 0:08:37]} 29. Raf1
{[%clk 0:09:44]} Bc8 {[%clk 0:08:14]} 30. Rg2 {[%clk 0:09:38]} Qe8
{[%clk 0:08:12]} 31. Nhf3 {[%clk 0:09:37]} Ne7 {[%clk 0:06:29]} 32. g4
{[%clk 0:09:36]} hxg4 {[%clk 0:05:42]} 33. hxg4 {[%clk 0:09:45]} Nh7
{[%clk 0:05:41]} 34. Rff2 {[%clk 0:09:40]} Nxg5 {[%clk 0:05:47]} 35. Nxg5
{[%clk 0:09:49]} Bd7 {[%clk 0:05:47]} 36. Rh2 {[%clk 0:09:57]} Qf8
{[%clk 0:05:17]} 37. Rxh8 {[%clk 0:09:15]} Rxh8 {[%clk 0:05:25]} 38. Rh2
{[%clk 0:09:25]} Qg7 {[%clk 0:03:28]} 39. Rxh8 {[%clk 0:09:29]} Qxh8
{[%clk 0:03:37]} 40. Qh2 {[%clk 0:09:38]} Qxh2+ {[%clk 0:03:23]} 41. Kxh2
{[%clk 0:09:47]} Be8 {[%clk 0:03:33]} 42. Kg3 {[%clk 0:09:55]} Ng8
{[%clk 0:03:33]} 43. Nh7 {[%clk 0:06:54]} Kd8 {[%clk 0:02:37]} 44. Kh4
{[%clk 0:06:52]} Ke7 {[%clk 0:01:28]} 45. Kg5 {[%clk 0:07:00]} Bc6
{[%clk 0:00:43]} 46. Nf6 {[%clk 0:06:50]} Nxf6 {[%clk 0:00:47]} 47. exf6+
{[%clk 0:06:58]} Kf8 {[%clk 0:00:49]} 48. f5 {[%clk 0:06:55]} gxf5
{[%clk 0:00:56]} 49. gxf5 {[%clk 0:07:03]} Bd7 {[%clk 0:00:42]} 50. fxe6
{[%clk 0:07:08]} Bxe6 {[%clk 0:00:46]} 51. Kf4 {[%clk 0:07:07]} Ke8
{[%clk 0:00:42]} 52. Ke5 {[%clk 0:07:16]} Kd7 {[%clk 0:00:51]} 53. Bd1
{[%clk 0:07:26]} Kc6 {[%clk 0:00:55]} 54. Bf3 {[%clk 0:07:34]} 1-0

[Event "Memorial Sergievskogo"]
[Site "Cheboksary"]
[Date "2016.04.12"]
[Round "8.2"]
[White "Rublevsky, Sergei"]
[Black "Lysyj, Igor"]
[Result "1-0"]
[LiveChessVersion "1.4.4"]
[BlackElo "2670"]
[WhiteElo "2727"]

1. e4 {[%clk 0:15:19]} e6 {[%clk 0:15:19]} 2. d4 {[%clk 0:15:27]} d5
{[%clk 0:15:28]} 3. Nd2 {[%clk 0:15:35]} c5 {[%clk 0:15:37]} 4. Ngf3
{[%clk 0:15:42]} cxd4 {[%clk 0:15:46]} 5. exd5 {[%clk 0:15:51]} Qxd5
{[%clk 0:15:54]} 6. Bc4 {[%clk 0:15:59]} Qd7 {[%clk 0:16:03]} 7. O-O
{[%clk 0:15:58]} Nc6 {[%clk 0:16:11]} 8. Nb3 {[%clk 0:16:04]} a6 {[%clk 0:16:20]}
9. Nbxd4 {[%clk 0:16:09]} Nxd4 {[%clk 0:16:29]} 10. Nxd4 {[%clk 0:16:17]} Qc7
{[%clk 0:16:37]} 11. Bb3 {[%clk 0:15:41]} Bd6 {[%clk 0:16:36]} 12. Qh5
{[%clk 0:14:33]} Nf6 {[%clk 0:16:24]} 13. Qh4 {[%clk 0:14:41]} Bd7
{[%clk 0:16:24]} 14. Bg5 {[%clk 0:14:30]} O-O-O {[%clk 0:15:21]} 15. Rad1
{[%clk 0:14:24]} h6 {[%clk 0:13:41]} 16. Bxf6 {[%clk 0:12:27]} gxf6
{[%clk 0:13:50]} 17. Rd3 {[%clk 0:12:23]} Kb8 {[%clk 0:12:18]} 18. Rc3
{[%clk 0:10:47]} Qa5 {[%clk 0:11:12]} 19. Qxf6 {[%clk 0:10:38]} Qe5
{[%clk 0:11:08]} 20. Qh4 {[%clk 0:07:40]} Qg5 {[%clk 0:10:49]} 21. Rh3
{[%clk 0:05:50]} Bc8 {[%clk 0:05:04]} 22. Rd1 {[%clk 0:04:15]} Be7
{[%clk 0:02:30]} 23. Qxg5 {[%clk 0:03:58]} hxg5 {[%clk 0:02:39]} 24. Rxh8
{[%clk 0:03:57]} Rxh8 {[%clk 0:02:48]} 25. Nf3 {[%clk 0:02:59]} Bf6
{[%clk 0:02:53]} 26. h3 {[%clk 0:02:49]} Kc7 {[%clk 0:02:57]} 27. c3
{[%clk 0:02:12]} Bd7 {[%clk 0:02:52]} 28. Re1 {[%clk 0:02:08]} Kd6
{[%clk 0:03:01]} 29. Nd2 {[%clk 0:02:02]} Kc7 {[%clk 0:02:56]} 30. Nf3
{[%clk 0:01:43]} Kd6 {[%clk 0:03:03]} 31. Re3 {[%clk 0:01:23]} b5
{[%clk 0:02:37]} 32. Nd2 {[%clk 0:01:15]} Be7 {[%clk 0:02:46]} 33. Rf3
{[%clk 0:00:57]} f5 {[%clk 0:02:46]} 34. Rd3+ {[%clk 0:01:01]} Kc7
{[%clk 0:02:55]} 35. Nf3 {[%clk 0:01:01]} Bf6 {[%clk 0:02:55]} 36. Nd4
{[%clk 0:00:49]} Re8 {[%clk 0:02:54]} 37. Rd1 {[%clk 0:00:37]} a5
{[%clk 0:01:43]} 38. a3 {[%clk 0:00:46]} e5 {[%clk 0:01:46]} 39. Nc2
{[%clk 0:00:44]} f4 {[%clk 0:01:51]} 40. Bf7 {[%clk 0:00:20]} Re7
{[%clk 0:01:53]} 41. Bg6 {[%clk 0:00:27]} e4 {[%clk 0:01:52]} 42. Nd4
{[%clk 0:00:29]} e3 {[%clk 0:01:34]} 43. fxe3 {[%clk 0:00:33]} Rxe3
{[%clk 0:01:43]} 44. Bh5 {[%clk 0:00:36]} Re7 {[%clk 0:00:48]} 45. Bf3
{[%clk 0:00:41]} Kb6 {[%clk 0:00:53]} 46. Kf2 {[%clk 0:00:46]} Be5
{[%clk 0:00:45]} 47. Bg4 {[%clk 0:00:43]} Bc6 {[%clk 0:00:25]} 48. Nxc6
{[%clk 0:00:40]} Kxc6 {[%clk 0:00:34]} 49. Bf3+ {[%clk 0:00:48]} Kb6
{[%clk 0:00:29]} 50. Rd5 {[%clk 0:00:56]} b4 {[%clk 0:00:23]} 51. axb4
{[%clk 0:00:47]} axb4 {[%clk 0:00:32]} 52. cxb4 {[%clk 0:00:55]} Bxb2
{[%clk 0:00:41]} 53. Rxg5 {[%clk 0:00:59]} Bd4+ {[%clk 0:00:48]} 54. Kf1
{[%clk 0:01:08]} Bc3 {[%clk 0:00:56]} 55. b5 {[%clk 0:01:06]} Re1+
{[%clk 0:00:37]} 56. Kf2 {[%clk 0:01:14]} Rb1 {[%clk 0:00:46]} 57. Bc6
{[%clk 0:01:18]} Rb3 {[%clk 0:00:48]} 58. Rf5 {[%clk 0:01:18]} Bd4+
{[%clk 0:00:50]} 59. Ke2 {[%clk 0:01:27]} 1-0

[Event "Memorial Sergievskogo"]
[Site "Cheboksary"]
[Date "2016.04.12"]
[Round "8.3"]
[White "Khismatullin, Denis"]
[Black "Aleksandrov, Aleksej"]
[Result "1-0"]
[LiveChessVersion "1.4.4"]
[BlackElo "2574"]
[WhiteElo "2709"]

1. Nf3 {[%clk 0:15:19]} Nf6 {[%clk 0:15:15]} 2. g3 {[%clk 0:15:27]} b5
{[%clk 0:15:13]} 3. Bg2 {[%clk 0:15:27]} Bb7 {[%clk 0:15:22]} 4. O-O
{[%clk 0:15:28]} e6 {[%clk 0:15:27]} 5. d3 {[%clk 0:15:37]} c5 {[%clk 0:15:35]}
6. e4 {[%clk 0:13:59]} d6 {[%clk 0:15:39]} 7. a4 {[%clk 0:12:13]} b4
{[%clk 0:15:22]} 8. e5 {[%clk 0:12:14]} dxe5 {[%clk 0:15:09]} 9. Nxe5
{[%clk 0:12:20]} Bxg2 {[%clk 0:15:17]} 10. Kxg2 {[%clk 0:12:29]} Qd5+
{[%clk 0:11:20]} 11. Qf3 {[%clk 0:12:27]} Qxf3+ {[%clk 0:11:29]} 12. Nxf3
{[%clk 0:11:21]} Nc6 {[%clk 0:11:37]} 13. Nbd2 {[%clk 0:11:25]} Be7
{[%clk 0:11:10]} 14. Nc4 {[%clk 0:11:05]} O-O {[%clk 0:10:47]} 15. Re1
{[%clk 0:10:11]} Rfd8 {[%clk 0:10:03]} 16. Be3 {[%clk 0:09:46]} Rac8
{[%clk 0:08:55]} 17. Nfd2 {[%clk 0:08:02]} Nd5 {[%clk 0:07:42]} 18. a5
{[%clk 0:06:59]} Nc7 {[%clk 0:05:45]} 19. a6 {[%clk 0:06:28]} Nb5
{[%clk 0:05:26]} 20. Nb3 {[%clk 0:06:29]} Nbd4 {[%clk 0:05:00]} 21. Bxd4
{[%clk 0:05:47]} Nxd4 {[%clk 0:05:07]} 22. Nxd4 {[%clk 0:05:30]} Rxd4
{[%clk 0:05:06]} 23. Ra5 {[%clk 0:04:03]} Rb8 {[%clk 0:05:11]} 24. Nd2
{[%clk 0:02:55]} Rd5 {[%clk 0:04:59]} 25. Nb3 {[%clk 0:02:29]} Kf8
{[%clk 0:04:45]} 26. Re4 {[%clk 0:02:28]} Ke8 {[%clk 0:04:24]} 27. Rc4
{[%clk 0:02:35]} Kd7 {[%clk 0:04:14]} 28. Nxc5+ {[%clk 0:02:14]} Bxc5
{[%clk 0:04:20]} 29. Rcxc5 {[%clk 0:02:22]} Rxc5 {[%clk 0:04:24]} 30. Rxc5
{[%clk 0:02:31]} Rb6 {[%clk 0:04:15]} 31. Rc4 {[%clk 0:02:24]} b3
{[%clk 0:03:58]} 32. c3 {[%clk 0:02:32]} Rxa6 {[%clk 0:03:47]} 33. Rb4
{[%clk 0:02:37]} Rb6 {[%clk 0:03:55]} 34. Ra4 {[%clk 0:02:02]} a6
{[%clk 0:04:00]} 35. Kf3 {[%clk 0:02:11]} e5 {[%clk 0:03:56]} 36. Ra5
{[%clk 0:01:52]} Ke6 {[%clk 0:04:00]} 37. Ke3 {[%clk 0:01:59]} f5
{[%clk 0:03:30]} 38. h4 {[%clk 0:01:36]} Kf6 {[%clk 0:03:34]} 39. c4
{[%clk 0:01:31]} g6 {[%clk 0:03:31]} 40. f4 {[%clk 0:00:58]} exf4+
{[%clk 0:03:38]} 41. gxf4 {[%clk 0:01:07]} h6 {[%clk 0:03:47]} 42. d4
{[%clk 0:01:13]} g5 {[%clk 0:03:47]} 43. hxg5+ {[%clk 0:01:09]} hxg5
{[%clk 0:03:55]} 44. d5 {[%clk 0:01:07]} g4 {[%clk 0:03:40]} 45. c5
{[%clk 0:01:15]} Rb4 {[%clk 0:03:44]} 46. Rxa6+ {[%clk 0:01:22]} Ke7
{[%clk 0:03:53]} 47. d6+ {[%clk 0:00:55]} Ke6 {[%clk 0:03:56]} 48. Ra7
{[%clk 0:01:03]} Rc4 {[%clk 0:01:34]} 49. Re7+ {[%clk 0:01:06]} Kf6
{[%clk 0:01:39]} 50. Re8 {[%clk 0:00:47]} 1-0

[Event "Memorial Sergievskogo"]
[Site "Cheboksary"]
[Date "2016.04.12"]
[Round "8.4"]
[White "Dreev, Aleksey"]
[Black "Timofeev, Artyom"]
[Result "1/2-1/2"]
[LiveChessVersion "1.4.4"]
[BlackElo "2535"]
[WhiteElo "2668"]

1. d4 {[%clk 0:15:19]} d5 {[%clk 0:15:18]} 2. c4 {[%clk 0:15:27]} dxc4
{[%clk 0:15:26]} 3. Nf3 {[%clk 0:15:32]} Nf6 {[%clk 0:15:33]} 4. e3
{[%clk 0:15:40]} e6 {[%clk 0:15:40]} 5. Bxc4 {[%clk 0:15:48]} c5 {[%clk 0:15:47]}
6. O-O {[%clk 0:15:53]} a6 {[%clk 0:15:56]} 7. b3 {[%clk 0:15:58]} cxd4
{[%clk 0:15:52]} 8. Nxd4 {[%clk 0:16:05]} Bd7 {[%clk 0:16:00]} 9. Bb2
{[%clk 0:15:56]} Nc6 {[%clk 0:16:07]} 10. Nd2 {[%clk 0:15:39]} Be7
{[%clk 0:16:05]} 11. Be2 {[%clk 0:15:36]} O-O {[%clk 0:15:38]} 12. Bf3
{[%clk 0:14:21]} Rc8 {[%clk 0:15:24]} 13. Qe2 {[%clk 0:07:46]} Nxd4
{[%clk 0:14:34]} 14. Bxd4 {[%clk 0:07:54]} Bc6 {[%clk 0:14:43]} 15. Bxc6
{[%clk 0:07:06]} 1/2-1/2

[Event "Memorial Sergievskogo"]
[Site "Cheboksary"]
[Date "2016.04.12"]
[Round "8.5"]
[White "Kobalia, Mikhail"]
[Black "Motylev, Alexander"]
[Result "1/2-1/2"]
[LiveChessVersion "1.4.4"]
[BlackElo "2662"]
[WhiteElo "2609"]

1. e4 {[%clk 0:15:18]} c5 {[%clk 0:15:17]} 2. Nf3 {[%clk 0:15:26]} Nc6
{[%clk 0:15:26]} 3. d4 {[%clk 0:15:04]} cxd4 {[%clk 0:15:34]} 4. Nxd4
{[%clk 0:15:13]} Qb6 {[%clk 0:15:37]} 5. Nb5 {[%clk 0:14:45]} Nf6
{[%clk 0:14:12]} 6. Be3 {[%clk 0:14:02]} Qd8 {[%clk 0:14:04]} 7. N1c3
{[%clk 0:14:01]} a6 {[%clk 0:14:12]} 8. Nd4 {[%clk 0:13:48]} e6 {[%clk 0:12:46]}
9. Bd3 {[%clk 0:13:49]} h5 {[%clk 0:11:11]} 10. h3 {[%clk 0:13:00]} Qc7
{[%clk 0:11:19]} 11. O-O {[%clk 0:12:37]} Nxd4 {[%clk 0:11:27]} 12. Bxd4
{[%clk 0:12:46]} Bc5 {[%clk 0:11:34]} 13. Be2 {[%clk 0:11:59]} d6
{[%clk 0:11:18]} 14. Qd2 {[%clk 0:10:42]} Bxd4 {[%clk 0:10:55]} 15. Qxd4
{[%clk 0:10:50]} e5 {[%clk 0:10:33]} 16. Qd2 {[%clk 0:10:47]} Be6
{[%clk 0:10:37]} 17. Qg5 {[%clk 0:10:37]} Ke7 {[%clk 0:06:02]} 18. Rad1
{[%clk 0:10:21]} Rh6 {[%clk 0:06:10]} 19. Rd3 {[%clk 0:09:49]} Rg6
{[%clk 0:06:07]} 20. Qd2 {[%clk 0:09:50]} h4 {[%clk 0:05:41]} 21. Kh1
{[%clk 0:09:02]} Rh8 {[%clk 0:02:19]} 22. Rd1 {[%clk 0:08:20]} Qc5
{[%clk 0:01:57]} 23. Bf3 {[%clk 0:04:35]} Rd8 {[%clk 0:02:04]} 24. Qe1
{[%clk 0:03:52]} 1/2-1/2